Phương pháp dạy toán bậc tiểu học Tài liệu dành cho giáo viên và phụ huynh học sinh Tập 1
v.v...
Đã lưu trong:
| Tác giả chính: | |
|---|---|
| Định dạng: | Sách |
| Năm xuất bản: |
H.
Đại học sư phạm
2003
|
| Chủ đề: | |
| Tags: |
Thêm thẻ
Không có thẻ, Hãy là người đầu tiên gắn thẻ bản ghi này!
|
| LEADER | 01920nam a2200253 4500 | ||
|---|---|---|---|
| 999 | |c 11068 |d 11068 | ||
| 082 | |a 372.7 |b PH104Đ | ||
| 100 | |a Phạm Đình Thực | ||
| 245 | |a Phương pháp dạy toán bậc tiểu học |c Phạm Đình Thực |n Tập 1 |b Tài liệu dành cho giáo viên và phụ huynh học sinh | ||
| 260 | |a H. |b Đại học sư phạm |c 2003 | ||
| 300 | |a 149 tr. |c 21 cm. | ||
| 520 | |a v.v... | ||
| 653 | |a Giáo dục tiểu học | ||
| 653 | |a Toán học | ||
| 653 | |a Phương pháp dạy học | ||
| 942 | |2 ddc |c STK0 | ||
| 952 | |0 0 |1 0 |2 ddc |4 0 |6 372_700000000000000_PH104Đ |7 0 |8 300 |9 95375 |a qbu |b qbu |c D2 |d 2015-09-29 |g 12000 |o 372.7 PH104Đ |p 10862.c1 |r 0000-00-00 |w 2015-09-29 |y STK0 | ||
| 952 | |0 0 |1 0 |2 ddc |4 0 |6 372_700000000000000_PH104Đ |7 0 |8 300 |9 95376 |a qbu |b qbu |c D2 |d 2015-09-29 |g 12000 |l 1 |o 372.7 PH104Đ |p 10862.c2 |r 2018-05-14 |s 2018-05-11 |w 2015-09-29 |y STK0 | ||
| 952 | |0 0 |1 0 |2 ddc |4 0 |6 372_700000000000000_PH104Đ |7 0 |8 300 |9 95377 |a qbu |b qbu |c D2 |d 2015-09-29 |g 12000 |l 2 |m 2 |o 372.7 PH104Đ |p 10862.c3 |r 2017-12-15 |s 2017-12-14 |w 2015-09-29 |y STK0 | ||
| 952 | |0 0 |1 0 |2 ddc |4 0 |6 372_700000000000000_PH104Đ |7 0 |8 300 |9 95378 |a qbu |b qbu |c D2 |d 2015-09-29 |g 12000 |l 1 |o 372.7 PH104Đ |p 10862.c4 |r 2018-01-04 |s 2017-12-14 |w 2015-09-29 |y STK0 | ||
| 952 | |0 0 |1 0 |2 ddc |4 0 |6 372_700000000000000_PH104Đ |7 0 |8 300 |9 95379 |a qbu |b qbu |c D2 |d 2015-09-29 |g 12000 |l 2 |o 372.7 PH104Đ |p 10862.c5 |r 2017-12-20 |s 2017-12-14 |w 2015-09-29 |y STK0 | ||
| 952 | |0 0 |1 0 |2 ddc |4 0 |6 372_700000000000000_PH104Đ |7 0 |8 300 |9 95380 |a qbu |b qbu |c D2 |d 2015-09-29 |g 12000 |l 2 |o 372.7 PH104Đ |p 10862.c6 |r 2018-05-14 |s 2018-05-11 |w 2015-09-29 |y STK0 | ||
| 952 | |0 0 |1 0 |2 ddc |4 0 |6 372_700000000000000_PH104Đ |7 0 |8 300 |9 95381 |a qbu |b qbu |c D2 |d 2015-09-29 |g 12000 |l 1 |m 1 |o 372.7 PH104Đ |p 10862.c7 |r 2017-12-15 |s 2017-12-14 |w 2015-09-29 |y STK0 | ||
| 952 | |0 0 |1 0 |2 ddc |4 0 |6 372_700000000000000_PH104Đ |7 0 |8 300 |9 95382 |a qbu |b qbu |c D2 |d 2015-09-29 |g 12000 |l 1 |o 372.7 PH104Đ |p 10862.c8 |r 2018-01-02 |s 2017-12-14 |w 2015-09-29 |y STK0 | ||